00890nas a2200229Ia 4500001001100000003000900011008004100020040001300061040001300074041001300087100004300100210001700143222001700160245011200177250001100289260002900300501008600329300001700415362003300432500015900465650003600624R035/44093IT-RoPAU151124c99999999xx |||||||||||| ||und|| aIT-RoPAU cIT-RoPAU aITALIANO aSitney AdamsgCodice Aut. SPICS: 1201 aSEGNO CINEMA aSegno Cinema aSEGNO CINEMA, ANNO 04-N.13 (MAGGIO 1984)bCinema Indipendente Americano: Ernie Geher, Regista D'Avanguardia a1a ed. aVICENZAbCINEFORUMc1984 bPaulus - SPICS - Società San Paolo EM (non-commercial uses only)cCopyright2015 a7 p. [23-29] aANNO 004, N.13 (MAGGIO 1984) aSpeciale Critica Cinematografica Americana. Riflessioni Sull'Opera di Uno dei Cineasti più Consapevoli e Produttivi della Giovane Avanguardia Americana. aCINEMAvPUBBLICAZIONE PERIODICA